| 000 | 00758nam a2200217Ii 4500 | ||
|---|---|---|---|
| 003 | JO-AjNU | ||
| 008 | 230605s9999||||xx |||||||||||||| ||und|| | ||
| 017 | _a2014/6/2790 | ||
| 040 |
_aJO-AjNU _bara _erda _cJO-AjNU |
||
| 041 | _aara | ||
| 050 | 1 | 4 | _aDS154.6 2014 |
| 100 | 3 |
_aالبدادوه، احمد يوسف, _eauthor _951779 |
|
| 245 | 0 | 0 | _aالملك عبدالله الثاني : الطريق الى الحكم الراشد في حفظ المقاصد |
| 250 | _aط1 | ||
| 264 | 3 | 1 | _aعمان: المؤلف، 2014 |
| 300 | _a142ص | ||
| 336 |
_atext _btxt _2rdacontent |
||
| 337 |
_aunmediated _bn _2rdamedia |
||
| 338 |
_avolume _bnc _2rdacarrier |
||
| 650 | 4 |
_aالاردن-تاريخ عهد الملك عبدالله الثاني 1999م _951780 |
|
| 999 |
_aA22898 _c26466 _d26466 |
||